000 01449nam a22002537a 4500
005 20130501114235.0
010 _aENG-106934
020 _a9780198081760
_c950.00
020 _a0198081766
_c950.00
035 _aEN-90467
037 _bDBAD/PUB
082 0 4 _a342.54
_223
245 0 0 _aComparative constitutionalism in South Asia /
_cedited by Sunil Khilnani, Vikram Raghavan [and] Arun K. Thiruvengadam.
260 _aNew Delhi
_bOxford University Press
_c2013
270 _aYMCA Library Building, 1 Jai Singh Road
_bNew Delhi
_e110001
300 _axii, 401 p.
_c23cm(Hb)
500 _aIncludes bibliographical references and index.
505 0 _aIntroduction: Reviving South Asian comparative constitutionalism -- Modelling 'optimal' constitutional design for government structures -- How to do comparative constitutional law in India -- Constitutional developments in a Himalayan kingdom -- Separating religion and politics? -- The democratic state and religious pluralism -- Constitutional borrowing in South Asia -- Inheritance unbound -- Religious freedom in India and Pakistan -- Pilate's paramount duty -- Constitutionalism and the judiciary in Bangladesh -- Revisiting the role of the judiciary in plural societies (1987).
650 0 _aConstitutional law
_zSouth Asia.
700 1 _aKhilnani, Sunil,
_d1960-
700 1 _aRaghavan, Vikram.
700 1 _aThiruvengadam, Arun K.
942 _2ddc
_cEN
_h342.54
_mCOM
999 _c74930
_d74930